| 000 | 00000nam 2200000zi 4500 |
| 001 | 9.897163 |
| 003 | CaOODSP |
| 005 | 20240419123413 |
| 006 | m o d f |
| 007 | cr |n||||||||| |
| 008 | 210304e19880129onca o f000 0|eng d |
| 020 | |z0662558138 |
| 040 | |aCaOODSP|beng|erda|cCaOODSP |
| 086 | 1 |aId46-24/1988E-PDF|zId46-4/1988 |
| 245 | 00|aReport on an inquiry respecting family-size recreational camping tents. |
| 264 | 1|aOttawa, Canada : |bGovernment of Canada, Textile and Clothing Board = Gouvernement du Canada, Commission du textile et du vêtement, |cJanuary 29, 1988. |
| 300 | |a1 online resource (1 volume (various pagings)) : |billustrations |
| 336 | |atext|btxt|2rdacontent |
| 337 | |acomputer|bc|2rdamedia |
| 338 | |aonline resource|bcr|2rdacarrier |
| 500 | |aDigitized edition from print [produced by Innovation, Science and Economic Development Canada]. |
| 500 | |aIssued also in French under title: Rapport d'une enquête sur les tentes de camping familiales. |
| 650 | 0|aCompetition|zCanada. |
| 650 | 0|aTents|xFires and fire prevention|zCanada. |
| 650 | 0|aCamping equipment industry|zCanada. |
| 650 | 0|aMarket surveys|zCanada. |
| 650 | 0|aTents|zCanada. |
| 710 | 1 |aCanada. |bTextile and Clothing Board, |eissuing body. |
| 710 | 1 |aCanada. |bDepartment of Regional Industrial Expansion. |
| 775 | 08|tRapport d'une enquête sur les tentes de camping familiales.|w(CaOODSP)9.937177 |
| 856 | 40|qPDF|s1.58 MB|uhttps://publications.gc.ca/collections/collection_2024/isde-ised/Id46-24-1988-eng.pdf |